Normal view
MARC view
- Baase, Sara
Entry Personal Name
001 - CONTROL NUMBER
- control field: 14651
003 - CONTROL NUMBER IDENTIFIER
- control field: OSt
005 - DATE AND TIME OF LATEST TRANSACTION
- control field: 20250825191315.0
008 - FIXED-LENGTH DATA ELEMENTS
- fixed length control field: 250825|| aca||aabn | a|a d
040 ## - CATALOGING SOURCE
- Original cataloging agency: OSt
- Transcribing agency: OSt
100 ## - HEADING--PERSONAL NAME
- Personal name: Baase, Sara
670 ## - SOURCE DATA FOUND
- Source citation: Work cat.: (OSt)5798: Baase, Sara., A gift of fire :, c2013.